<?xml version="1.0" encoding="UTF-8"?>
<collection xmlns="http://www.loc.gov/MARC21/slim">
 <record>
  <leader>02994nam a22003377a 4500</leader>
  <controlfield tag="001">NCT_352</controlfield>
  <controlfield tag="008">170927b        xxu||||| |||| 00| 0 vie d</controlfield>
  <datafield tag="999" ind1=" " ind2=" ">
   <subfield code="c">18</subfield>
   <subfield code="d">18</subfield>
  </datafield>
  <datafield tag="020" ind1=" " ind2=" ">
   <subfield code="a">9786040039064</subfield>
   <subfield code="c">80000</subfield>
  </datafield>
  <datafield tag="082" ind1="0" ind2="4">
   <subfield code="2">23rd ed.</subfield>
   <subfield code="a">541.240711</subfield>
   <subfield code="b">Th552/T.1</subfield>
  </datafield>
  <datafield tag="100" ind1="1" ind2=" ">
   <subfield code="a">Đào Đình Thức</subfield>
  </datafield>
  <datafield tag="245" ind1="1" ind2="0">
   <subfield code="a">Cấu tạo nguyên tử và liên kết hoá học</subfield>
   <subfield code="n">Tập 1</subfield>
   <subfield code="c">Đào Đình Thức</subfield>
  </datafield>
  <datafield tag="250" ind1=" " ind2=" ">
   <subfield code="a">Tái bản lần thứ 4</subfield>
  </datafield>
  <datafield tag="260" ind1=" " ind2=" ">
   <subfield code="a">Hà Nội</subfield>
   <subfield code="b">Giáo dục Việt Nam</subfield>
   <subfield code="c">2016</subfield>
  </datafield>
  <datafield tag="300" ind1=" " ind2=" ">
   <subfield code="a">303 tr. </subfield>
   <subfield code="b">hình vẽ, bảng </subfield>
   <subfield code="c">27 cm</subfield>
  </datafield>
  <datafield tag="520" ind1="3" ind2=" ">
   <subfield code="a">Nội dung trình bày khái quát về nguyên tử vật lí kinh điển và mẫu nguyên tử Rutherford. Các thuyết lượng tử năng lượng, lượng tử ánh sáng và thuyết nguyên tử Bolir-Sommerfeld. Cơ học lượng tử và cấu tạo nguyên tử</subfield>
  </datafield>
  <datafield tag="655" ind1=" " ind2=" ">
   <subfield code="a">Giáo trình</subfield>
  </datafield>
  <datafield tag="942" ind1=" " ind2=" ">
   <subfield code="2">ddc</subfield>
   <subfield code="c">BK</subfield>
  </datafield>
  <datafield tag="952" ind1=" " ind2=" ">
   <subfield code="0">0</subfield>
   <subfield code="1">0</subfield>
   <subfield code="2">ddc</subfield>
   <subfield code="4">0</subfield>
   <subfield code="6">541_240711000000000_TH552_T_1</subfield>
   <subfield code="7">0</subfield>
   <subfield code="9">57</subfield>
   <subfield code="a">000001</subfield>
   <subfield code="b">000001</subfield>
   <subfield code="d">2017-09-30</subfield>
   <subfield code="o">541.240711 Th552/T.1</subfield>
   <subfield code="p">MD.00265</subfield>
   <subfield code="r">2017-09-30</subfield>
   <subfield code="v">80000.00</subfield>
   <subfield code="w">2017-09-30</subfield>
   <subfield code="y">BK</subfield>
  </datafield>
  <datafield tag="952" ind1=" " ind2=" ">
   <subfield code="0">0</subfield>
   <subfield code="1">0</subfield>
   <subfield code="2">ddc</subfield>
   <subfield code="4">0</subfield>
   <subfield code="6">541_240711000000000_TH552_T_1</subfield>
   <subfield code="7">0</subfield>
   <subfield code="9">58</subfield>
   <subfield code="a">000001</subfield>
   <subfield code="b">000001</subfield>
   <subfield code="d">2017-09-30</subfield>
   <subfield code="o">541.240711 Th552/T.1</subfield>
   <subfield code="p">MD.00266</subfield>
   <subfield code="r">2017-09-30</subfield>
   <subfield code="v">80000.00</subfield>
   <subfield code="w">2017-09-30</subfield>
   <subfield code="y">BK</subfield>
  </datafield>
  <datafield tag="952" ind1=" " ind2=" ">
   <subfield code="0">0</subfield>
   <subfield code="1">0</subfield>
   <subfield code="2">ddc</subfield>
   <subfield code="4">0</subfield>
   <subfield code="6">541_240711000000000_TH552_T_1</subfield>
   <subfield code="7">0</subfield>
   <subfield code="9">59</subfield>
   <subfield code="a">000001</subfield>
   <subfield code="b">000001</subfield>
   <subfield code="d">2017-09-30</subfield>
   <subfield code="o">541.240711 Th552/T.1</subfield>
   <subfield code="p">MD.00267</subfield>
   <subfield code="r">2017-09-30</subfield>
   <subfield code="v">80000.00</subfield>
   <subfield code="w">2017-09-30</subfield>
   <subfield code="y">BK</subfield>
  </datafield>
  <datafield tag="952" ind1=" " ind2=" ">
   <subfield code="0">0</subfield>
   <subfield code="1">0</subfield>
   <subfield code="2">ddc</subfield>
   <subfield code="4">0</subfield>
   <subfield code="6">541_240711000000000_TH552_T_1</subfield>
   <subfield code="7">0</subfield>
   <subfield code="9">838</subfield>
   <subfield code="a">000001</subfield>
   <subfield code="b">000001</subfield>
   <subfield code="d">2017-10-12</subfield>
   <subfield code="o">541.240711 Th552/T.1</subfield>
   <subfield code="p">MD.00876</subfield>
   <subfield code="r">2017-10-12</subfield>
   <subfield code="v">80000.00</subfield>
   <subfield code="w">2017-10-12</subfield>
   <subfield code="y">BK</subfield>
  </datafield>
  <datafield tag="952" ind1=" " ind2=" ">
   <subfield code="0">0</subfield>
   <subfield code="1">0</subfield>
   <subfield code="2">ddc</subfield>
   <subfield code="4">0</subfield>
   <subfield code="6">541_240711000000000_TH552_T_1</subfield>
   <subfield code="7">0</subfield>
   <subfield code="9">839</subfield>
   <subfield code="a">000001</subfield>
   <subfield code="b">000001</subfield>
   <subfield code="d">2017-10-12</subfield>
   <subfield code="o">541.240711 Th552/T.1</subfield>
   <subfield code="p">MD.00877</subfield>
   <subfield code="r">2017-10-12</subfield>
   <subfield code="v">80000.00</subfield>
   <subfield code="w">2017-10-12</subfield>
   <subfield code="y">BK</subfield>
  </datafield>
  <datafield tag="952" ind1=" " ind2=" ">
   <subfield code="0">0</subfield>
   <subfield code="1">0</subfield>
   <subfield code="2">ddc</subfield>
   <subfield code="4">0</subfield>
   <subfield code="6">541_240711000000000_TH552_T_1</subfield>
   <subfield code="7">0</subfield>
   <subfield code="9">840</subfield>
   <subfield code="a">000001</subfield>
   <subfield code="b">000001</subfield>
   <subfield code="d">2017-10-12</subfield>
   <subfield code="o">541.240711 Th552/T.1</subfield>
   <subfield code="p">MD.00878</subfield>
   <subfield code="r">2017-10-12</subfield>
   <subfield code="v">80000.00</subfield>
   <subfield code="w">2017-10-12</subfield>
   <subfield code="y">BK</subfield>
  </datafield>
  <datafield tag="952" ind1=" " ind2=" ">
   <subfield code="0">0</subfield>
   <subfield code="1">0</subfield>
   <subfield code="2">ddc</subfield>
   <subfield code="4">0</subfield>
   <subfield code="6">541_240711000000000_TH552_T_1</subfield>
   <subfield code="7">0</subfield>
   <subfield code="9">841</subfield>
   <subfield code="a">000001</subfield>
   <subfield code="b">000001</subfield>
   <subfield code="d">2017-10-12</subfield>
   <subfield code="o">541.240711 Th552/T.1</subfield>
   <subfield code="p">MD.00879</subfield>
   <subfield code="r">2017-10-12</subfield>
   <subfield code="v">80000.00</subfield>
   <subfield code="w">2017-10-12</subfield>
   <subfield code="y">BK</subfield>
  </datafield>
  <datafield tag="952" ind1=" " ind2=" ">
   <subfield code="0">0</subfield>
   <subfield code="1">0</subfield>
   <subfield code="2">ddc</subfield>
   <subfield code="4">0</subfield>
   <subfield code="6">541_240711000000000_TH552_T_1</subfield>
   <subfield code="7">0</subfield>
   <subfield code="9">842</subfield>
   <subfield code="a">000001</subfield>
   <subfield code="b">000001</subfield>
   <subfield code="d">2017-10-12</subfield>
   <subfield code="o">541.240711 Th552/T.1</subfield>
   <subfield code="p">MD.00880</subfield>
   <subfield code="r">2017-10-12</subfield>
   <subfield code="v">80000.00</subfield>
   <subfield code="w">2017-10-12</subfield>
   <subfield code="y">BK</subfield>
  </datafield>
  <datafield tag="952" ind1=" " ind2=" ">
   <subfield code="0">0</subfield>
   <subfield code="1">0</subfield>
   <subfield code="2">ddc</subfield>
   <subfield code="4">0</subfield>
   <subfield code="6">541_240711000000000_TH552_T_1</subfield>
   <subfield code="7">0</subfield>
   <subfield code="9">843</subfield>
   <subfield code="a">000001</subfield>
   <subfield code="b">000001</subfield>
   <subfield code="d">2017-10-12</subfield>
   <subfield code="o">541.240711 Th552/T.1</subfield>
   <subfield code="p">MD.00882</subfield>
   <subfield code="r">2017-10-12</subfield>
   <subfield code="v">80000.00</subfield>
   <subfield code="w">2017-10-12</subfield>
   <subfield code="y">BK</subfield>
  </datafield>
  <datafield tag="952" ind1=" " ind2=" ">
   <subfield code="0">0</subfield>
   <subfield code="1">0</subfield>
   <subfield code="2">ddc</subfield>
   <subfield code="4">0</subfield>
   <subfield code="6">541_240711000000000_TH552_T_1</subfield>
   <subfield code="7">0</subfield>
   <subfield code="9">844</subfield>
   <subfield code="a">000001</subfield>
   <subfield code="b">000001</subfield>
   <subfield code="d">2017-10-12</subfield>
   <subfield code="o">541.240711 Th552/T.1</subfield>
   <subfield code="p">MD.00920</subfield>
   <subfield code="r">2017-10-12</subfield>
   <subfield code="v">80000.00</subfield>
   <subfield code="w">2017-10-12</subfield>
   <subfield code="y">BK</subfield>
  </datafield>
  <datafield tag="952" ind1=" " ind2=" ">
   <subfield code="0">0</subfield>
   <subfield code="1">0</subfield>
   <subfield code="2">ddc</subfield>
   <subfield code="4">0</subfield>
   <subfield code="6">541_240711000000000_TH552_T_1</subfield>
   <subfield code="7">0</subfield>
   <subfield code="9">845</subfield>
   <subfield code="a">000001</subfield>
   <subfield code="b">000001</subfield>
   <subfield code="d">2017-10-12</subfield>
   <subfield code="o">541.240711 Th552/T.1</subfield>
   <subfield code="p">MD.00921</subfield>
   <subfield code="r">2017-10-12</subfield>
   <subfield code="v">80000.00</subfield>
   <subfield code="w">2017-10-12</subfield>
   <subfield code="y">BK</subfield>
  </datafield>
  <datafield tag="952" ind1=" " ind2=" ">
   <subfield code="0">0</subfield>
   <subfield code="1">0</subfield>
   <subfield code="2">ddc</subfield>
   <subfield code="4">0</subfield>
   <subfield code="6">541_240711000000000_TH552_T_1</subfield>
   <subfield code="7">0</subfield>
   <subfield code="9">846</subfield>
   <subfield code="a">000001</subfield>
   <subfield code="b">000001</subfield>
   <subfield code="d">2017-10-12</subfield>
   <subfield code="o">541.240711 Th552/T.1</subfield>
   <subfield code="p">MD.00922</subfield>
   <subfield code="r">2017-10-12</subfield>
   <subfield code="v">80000.00</subfield>
   <subfield code="w">2017-10-12</subfield>
   <subfield code="y">BK</subfield>
  </datafield>
  <datafield tag="980" ind1=" " ind2=" ">
   <subfield code="a">Thư viện Trường Đại học Nam Cần Thơ</subfield>
  </datafield>
 </record>
</collection>
